| 000 | 00487nam a2200169 i 4500 | ||
|---|---|---|---|
| 001 | 64245 | ||
| 003 | ES-MaACL | ||
| 005 | 20231213062938.0 | ||
| 007 | t| | ||
| 008 | 031223s1966 sp ||||1| spa d | ||
| 100 | 1 |
_aFlórez, Rafael, _d1926-2019 _951311 |
|
| 245 | 1 | 0 |
_aMío Jardiel _b: biografía de un hombre / _cRafael Flórez. |
| 260 |
_aMadrid : _b[s.n.], _c1966. |
||
| 300 |
_a367 p. : _bil. ; _c21 cm. |
||
| 852 |
_aES-MaACL _jG-774 _bR.58393 |
||
| 999 |
_c64245 _d64245 |
||